000 00544nam a22002057a 4500
005 20170124110101.0
010 _a711124
020 _c00.00
_a0701119128
035 _a711124
037 _bCen Lib/Ret
040 _aDPL
_bEN
082 _a921
_bZIN
100 _aZinkin, Taya
_927115
245 _aWeeds grow fast /
_cby Taya Zinkin
260 _aLondon
_bChatto & Windus
_c1973
270 _a40 William IV Street
300 _a160p. :
_c20cm(Hb)
_bill.
650 _aZinkin, Taya
_927116
942 _2ddc
_cEN
_h921
_mZIN
999 _c129681
_d129681